| 000 | 00778nam a22002177a 4500 | ||
|---|---|---|---|
| 005 | 20171013164516.0 | ||
| 010 | _aENG-120600 | ||
| 020 |
_a9789352220182 _c600.00 |
||
| 035 | _aEN-104132 | ||
| 037 | _bDBAD/PUB | ||
| 082 | _a027.7 | ||
| 245 |
_aTransformation of academic libraries in techonology ERA : _cedited by N. Laxman Rao...[et.al.] _bpaper of the national semina (12-13 august, 2017) / |
||
| 260 |
_aHyderabad _bTelangana Library Association _c2017 |
||
| 260 |
_aDelhi _bAstral International _c2017 |
||
| 270 |
_aTelangana Library Association, _bHyderabad _e500007 |
||
| 270 |
_aAstral International, _bDelhi _e110002 |
||
| 300 |
_aviii,176p. _c24cm(pbk) |
||
| 700 | _aRao, N Laxman | ||
| 700 | _aRao, S Sudarshan | ||
| 942 |
_2ddc _cEN _h027.7 _mTRA |
||
| 999 |
_c144911 _d144911 |
||